<?xml version="1.0" encoding="utf-8"?>
<?xml-stylesheet type='text/xsl' href='./oai2.xsl'?>
<OAI-PMH xmlns="http://www.openarchives.org/OAI/2.0/" xmlns:xsi="http://www.w3.org/2001/XMLSchema-instance" xsi:schemaLocation="http://www.openarchives.org/OAI/2.0/ http://www.openarchives.org/OAI/2.0/OAI-PMH.xsd">
  <responseDate>2026-05-15T16:50:01Z</responseDate>
  <request verb="GetRecord" metadataPrefix="marcxml" identifier="record_kuniweb_164595">https://kulturerbe.niedersachsen.de/oai</request>
  <GetRecord>
    <record>
      <header>
        <identifier>record_kuniweb_164595</identifier>
        <datestamp>2025-08-28T09:38:22Z</datestamp>
        <setSpec>slg0217</setSpec>
      </header>
      <metadata>
        <marc:record xmlns:marc="http://www.loc.gov/MARC21/slim" xsi:schemaLocation="http://www.loc.gov/MARC21/slim http://www.loc.gov/standards/marcxml/schema/MARC21slim.xsd">
          <marc:leader>12345nkm  22     uu 4500</marc:leader>
          <marc:controlfield tag="001">164595</marc:controlfield>
          <marc:controlfield tag="003">http://kuniweb.gbv.de</marc:controlfield>
          <marc:controlfield tag="005">2019-10-10T15:11:36</marc:controlfield>
          <marc:controlfield tag="008">|           ||||||||||||||||||||||</marc:controlfield>
          <marc:datafield tag="245" ind1="1" ind2="0">
            <marc:subfield code="a">Balanzierhaue, 1883</marc:subfield>
          </marc:datafield>
          <marc:datafield tag="655" ind1=" " ind2="7">
            <marc:subfield code="a">Grafik</marc:subfield>
          </marc:datafield>
          <marc:datafield tag="046" ind1=" " ind2=" ">
            <marc:subfield code="k">1883-01-26</marc:subfield>
            <marc:subfield code="k">26.01.1883</marc:subfield>
          </marc:datafield>
          <marc:datafield tag="260" ind1=" " ind2=" ">
            <marc:subfield code="g">1883-01-26</marc:subfield>
            <marc:subfield code="g">26.01.1883</marc:subfield>
          </marc:datafield>
          <marc:datafield tag="520" ind1=" " ind2=" ">
            <marc:subfield code="a">Zeichnung - koloriert
Herstellungsort - Königshütte, (Bad) Lauterberg
Zeichner - Wilh. Fischer 

Auftraggeber und Standort - keine Angaben
                                      → vermutlich Modellzeichnung

Anmerkung zum Objekt:
Die Mühlspindel eines Mahlganges hat einerseits den Ober- oder Läuferstein zu stützen, damit er von dem unteren (Boden-) stein in gewissem Abstande bleibt, anderseits ihre eigne Drehbewegung auf den Läuferstein zu übertragen. Zur Vermittlung beider Aufgaben dient die Haue.
In ihrer einfachsten Form setzt sie sich mit ihrem haubenförmigen Mittelteil auf das verjüngte obere Ende des Mühleisens, wobei Federn und Nuten) die relative Drehung hindern. Von diesem Mittelteile laufen zwei oder drei Arme (Flügel), das Steinauge überbrückend, in das Steinmaterial, wo ihre Enden eingelassen und durch Vergießen befestigt werden. Von dieser »festen Haue« unterscheidet sich die »Balancierhaue« dadurch, daß sie den rechten Winkel, den die Mahlfläche mit dem Mühleisen bilden soll, nicht durch eine starre Verbindung sichert, sondern den Läuferstein frei gegen das Mühleisen balancieren läßt, so daß nur die Lage des Steinschwerpunktes und die Homogenität des Steines für die Lage der Mahlfläche zur Horizontalen maßgebend ist. Die auf das Mühleisen zu setzende Haube trägt zwei Zapfen, die in der Abbildung nach vorn und hinten gerichtet sind. Auf diesen ruht pendelnd eine Brücke, die an jedem Ende wieder einen Zapfen trägt, deren Längsachse rechtwinklig zu der der ersten Zapfen liegt. Diese Endzapfen tragen nun den Stein, und zwar mit Hilfe der eisernen Sattelstücke, die in den Stein eingelassen und durch Vergießen befestigt werden. Die Höhlung dieser Stücke ist nach oben hin zylindrisch begrenzt, so daß ein Pendeln des ganzen Steines stattfinden kann. Der über der Haue sichtbare Teller dient als Streuteller für die Zuführung des in das Steinauge eingeführten Mahlguts zur horizontalen Mahlbahn. 
Quelle:
Haue - Zeno.org
www.zeno.org › Lueger-1904 › Haue

 (Förderkreis Königshütte Bad Lauterberg e.V.)

Maßstab: 1 zu 1</marc:subfield>
          </marc:datafield>
          <marc:datafield tag="650" ind1="1" ind2=" ">
            <marc:subfield code="a">Müllereitechnologie</marc:subfield>
          </marc:datafield>
          <marc:datafield tag="650" ind1="1" ind2=" ">
            <marc:subfield code="a">Grafik, Fotografie &gt; Zeichnung</marc:subfield>
          </marc:datafield>
          <marc:datafield tag="650" ind1="1" ind2=" ">
            <marc:subfield code="a">Handwerk</marc:subfield>
          </marc:datafield>
          <marc:datafield tag="773" ind1="0" ind2=" ">
            <marc:subfield code="t">Maschinenelemente, Zubehör und Werkzeuge</marc:subfield>
          </marc:datafield>
          <marc:datafield tag="852" ind1=" " ind2=" ">
            <marc:subfield code="a">Industriedenkmal Königshütte Bad Lauterberg im Harz</marc:subfield>
          </marc:datafield>
          <marc:datafield tag="" ind1=" " ind2=" ">
            <marc:subfield code="a">Namensnennung - Nicht kommerziell - Keine Bearbeitungen 4.0 International (CC BY-NC-ND 4.0)</marc:subfield>
          </marc:datafield>
        </marc:record>
      </metadata>
    </record>
  </GetRecord>
</OAI-PMH>
